000 00807nam a2200241 i 4500
001 bg
100 1 _aCZERWIENIEC, Marek
245 1 0 _aZieleń w mieście /
_cMarek Czerwieniec, Janina Lewińska ; współpr. Anna Bułat [et al.] ; Instytut Gospodarki Przestrzennej i Komunalnej.
260 _aWarszawa :
_bIGPiK. Agencja Wydawnicza,
_c1996.
300 _a82, [19] s. :
_bmapy, 1 wykr. ;
_c24 cm.
504 _aBibliogr. s. 75-81. - Summ.
650 9 _aŚrodowisko człowieka
_xhigiena i ochrona
_zPolska
650 9 _aTereny zielone
_zPolska
700 1 _aLEWIŃSKA, Janina
700 1 _aBUŁAT, Anna.
020 _a8386309113
040 _cBPK
041 0 _apl
_ben
080 _a635.9+634:712:502.5](438)
920 _a83-86309-11-3
942 _cKS
008 s pl f |000 0 pol
999 _c32448
_d32448
856 _uhttp://koha.tu.koszalin.pl/cgi-bin/koha/opac-detail.pl?biblionumber=32448
_yKatalog online BPK